00756nam a2200193 i 450000100060000000300090000600500170001500700030003200800410003511000560007624500860013226000820021830000300030049000260033083000340035685200330039099900170042395201220044043361ES-MaACL20250905101955.0t|030317s1986 sp ||||1| spa d2 aMuseo Nacional Centro de Arte Reina Sofía914773710aCentros internacionales de arte contemporáneo / cCentro de Arte Reina Sofía. aMadrid : bMinisterio de Cultura. Subsecretaría, Gabinete Técnico,c1986. a112 p. : bil. ; c30 cm.1 aDocumentos de trabajo0 aDocumentos de trabajo9180609 aES-MaACLjL-11204 bR.113067 c43361d43361 00104070aATENEOMbATENEOMcDEPO2d2008-01-17eSCl0oL-11204p1045647r2023-02-23 00:00:00w2023-02-23yMONOGRAFIA